Public-Private Dynamics in Higher Education : (Record no. 69635)

MARC details
000 -LEADER
fixed length control field 08573nam a22011655i 4500
005 - DATE AND TIME OF LATEST TRANSACTION
control field 20230718140237.0
006 - FIXED-LENGTH DATA ELEMENTS--ADDITIONAL MATERIAL CHARACTERISTICS
fixed length control field m|||||o||d||||||||
007 - PHYSICAL DESCRIPTION FIXED FIELD--GENERAL INFORMATION
fixed length control field cr || ||||||||
008 - FIXED-LENGTH DATA ELEMENTS--GENERAL INFORMATION
fixed length control field 221201t20152007gw fo d z eng d
019 ## -
-- (OCoLC)1002244316
019 ## -
-- (OCoLC)1004883041
019 ## -
-- (OCoLC)1011454749
019 ## -
-- (OCoLC)1013967407
019 ## -
-- (OCoLC)980263045
019 ## -
-- (OCoLC)987949573
019 ## -
-- (OCoLC)992507842
019 ## -
-- (OCoLC)999360486
020 ## - INTERNATIONAL STANDARD BOOK NUMBER
International Standard Book Number 9783839407523
040 ## - CATALOGING SOURCE
Original cataloging agency DE-B1597
Language of cataloging eng
Transcribing agency DE-B1597
Description conventions rda
041 0# - LANGUAGE CODE
Language code of text/sound track or separate title eng
050 #4 - LIBRARY OF CONGRESS CALL NUMBER
Classification number LC171
082 04 - DEWEY DECIMAL CLASSIFICATION NUMBER
Classification number 370
245 00 - TITLE STATEMENT
Title Public-Private Dynamics in Higher Education :
Remainder of title Expectations, Developments and Outcomes /
Statement of responsibility, etc. ed. by Ben Jongbloed, Jürgen Enders.
250 ## - EDITION STATEMENT
Edition statement 1. Aufl.
264 #1 - PRODUCTION, PUBLICATION, DISTRIBUTION, MANUFACTURE, AND COPYRIGHT NOTICE
Place of production, publication, distribution, manufacture Bielefeld :
Name of producer, publisher, distributor, manufacturer transcript Verlag,
Date of production, publication, distribution, manufacture, or copyright notice [2015]
264 #4 - PRODUCTION, PUBLICATION, DISTRIBUTION, MANUFACTURE, AND COPYRIGHT NOTICE
Date of production, publication, distribution, manufacture, or copyright notice ©2007
300 ## - PHYSICAL DESCRIPTION
Extent 1 online resource (526 p.)
336 ## - CONTENT TYPE
Content type term text
Content type code txt
Source rdacontent
337 ## - MEDIA TYPE
Media type term computer
Media type code c
Source rdamedia
338 ## - CARRIER TYPE
Carrier type term online resource
Carrier type code cr
Source rdacarrier
347 ## - DIGITAL FILE CHARACTERISTICS
File type text file
Encoding format PDF
Source rda
490 0# - SERIES STATEMENT
Series statement Science Studies
505 00 - FORMATTED CONTENTS NOTE
Title Frontmatter --
-- CONTENTS --
-- The Public, the Private and the Good in Higher Education and Research: An Introduction --
-- I. PUBLIC SECTOR REFORM AND PUBLIC-PRIVATE MODES OF COORDINATION IN HIGHER EDUCATION --
-- Public Sector Reform in the Knowledge Based Economy --
-- Governing Universities: Varieties of National Regulation --
-- Market Competition, Public Good, and State Interference --
-- II. PUBLIC AND PRIVATE FUNDING IN HIGHER EDUCATION --
-- Creating Public-Private Dynamics in Higher Education Funding: A Discussion of Three Options --
-- The Publicness of Private Higher Education: Examples from the United States --
-- More Competition in German Higher Education: Expectations, Developments, Outcomes --
-- III. PUBLIC-PRIVATE DYNAMICS IN A GLOBALISING CONTEXT --
-- Five Somersaults in Enschede: Rethinking Public/Private in Higher Education for the Global Era --
-- The Bologna Process and the Role of Higher Education: Discursive Construction of the European Higher Education Area --
-- Global Opportunities and Institutional Embeddedness: Cooperation in Higher Education Consortia --
-- Brokering the Public-Private Dynamics of Higher Education through Strategic Alliances in an Australian 'Hybrid' University --
-- IV. PUBLIC-PRIVATE DYNAMICS AND UNIVERSITY RESEARCH --
-- R&D Funding in US Universities: From Public to Private Support or Public Policies Strengthening Diversification? --
-- The Distributed Knowledge Base of the Oil Industry in Venezuela and Private-Public Dynamics --
-- Changing Patterns of University/Industry Relations in Italy --
-- Changes in Funding University Research: Consequences for Problem Choice and Research Output of Academic Staff --
-- V. PUBLIC AND PRIVATE PROVIDERS IN HIGHER EDUCATION --
-- Private Higher Education in Poland: A Case of Public-Private Dynamics --
-- Market Competition, Demographic Change, and Educational Reform: The Problems Confronting Japan's Private Universities in a Period of Contraction --
-- Mapping Private Sector Expansion in Mexican Higher Education --
-- The 'Public' Nature of Higher Education in Italy: What Place for Autonomy and Variety? --
-- ABOUT THE CONTRIBUTORS
506 0# - RESTRICTIONS ON ACCESS NOTE
Standardized terminology for access restriction unrestricted online access
Source of term star
520 ## - SUMMARY, ETC.
Summary, etc. Worldwide, scholarship and policy-making develop new ideas and models for the role of higher education and research in society and economy. This development points to changing relationships and boundaries between the public and private spheres in higher education including their public and private steering and funding, public-private partnerships between universities and firms, the rise of private higher education and of business models in the management of universities. The contributions to this edited volume investigate into the dynamics of blurring boundaries between the public and the private in higher education and their consequences for the university.
538 ## - SYSTEM DETAILS NOTE
System details note Mode of access: Internet via World Wide Web.
540 ## - TERMS GOVERNING USE AND REPRODUCTION NOTE
Terms governing use and reproduction This eBook is made available Open Access under a CC BY-NC-ND 4.0 license:
Uniform Resource Identifier <a href="https://creativecommons.org/licenses/by-nc-nd/4.0 ">https://creativecommons.org/licenses/by-nc-nd/4.0 </a>
-- <a href="https://www.degruyter.com/dg/page/open-access-policy">https://www.degruyter.com/dg/page/open-access-policy</a>
546 ## - LANGUAGE NOTE
Language note In English.
588 0# - SOURCE OF DESCRIPTION NOTE
Source of description note Description based on online resource; title from PDF title page (publisher's Web site, viewed 01. Dez 2022)
650 #0 - SUBJECT ADDED ENTRY--TOPICAL TERM
Topical term or geographic name entry element Education, Higher.
650 #0 - SUBJECT ADDED ENTRY--TOPICAL TERM
Topical term or geographic name entry element Private universities and colleges.
650 #0 - SUBJECT ADDED ENTRY--TOPICAL TERM
Topical term or geographic name entry element Public universities and colleges.
650 #4 - SUBJECT ADDED ENTRY--TOPICAL TERM
Topical term or geographic name entry element Education.
650 #4 - SUBJECT ADDED ENTRY--TOPICAL TERM
Topical term or geographic name entry element Educational Policy.
650 #4 - SUBJECT ADDED ENTRY--TOPICAL TERM
Topical term or geographic name entry element Educational Research.
650 #4 - SUBJECT ADDED ENTRY--TOPICAL TERM
Topical term or geographic name entry element Higher Education Policy.
650 #4 - SUBJECT ADDED ENTRY--TOPICAL TERM
Topical term or geographic name entry element Management.
650 #4 - SUBJECT ADDED ENTRY--TOPICAL TERM
Topical term or geographic name entry element Market.
650 #4 - SUBJECT ADDED ENTRY--TOPICAL TERM
Topical term or geographic name entry element Pedagogy.
650 #4 - SUBJECT ADDED ENTRY--TOPICAL TERM
Topical term or geographic name entry element Policy.
650 #4 - SUBJECT ADDED ENTRY--TOPICAL TERM
Topical term or geographic name entry element Politics.
650 #4 - SUBJECT ADDED ENTRY--TOPICAL TERM
Topical term or geographic name entry element University.
650 #7 - SUBJECT ADDED ENTRY--TOPICAL TERM
Topical term or geographic name entry element EDUCATION / Educational Policy & Reform / General.
Source of heading or term bisacsh
653 ## - INDEX TERM--UNCONTROLLED
Uncontrolled term Education.
653 ## - INDEX TERM--UNCONTROLLED
Uncontrolled term Educational Policy.
653 ## - INDEX TERM--UNCONTROLLED
Uncontrolled term Educational Research.
653 ## - INDEX TERM--UNCONTROLLED
Uncontrolled term Higher Education Policy.
653 ## - INDEX TERM--UNCONTROLLED
Uncontrolled term Management.
653 ## - INDEX TERM--UNCONTROLLED
Uncontrolled term Market.
653 ## - INDEX TERM--UNCONTROLLED
Uncontrolled term Pedagogy.
653 ## - INDEX TERM--UNCONTROLLED
Uncontrolled term Policy.
653 ## - INDEX TERM--UNCONTROLLED
Uncontrolled term Politics.
653 ## - INDEX TERM--UNCONTROLLED
Uncontrolled term University.
700 1# - ADDED ENTRY--PERSONAL NAME
Personal name Alcock, Daryl,
Relator term contributor.
Relator code ctb
-- https://id.loc.gov/vocabulary/relators/ctb
700 1# - ADDED ENTRY--PERSONAL NAME
Personal name Amaral, Alberto,
Relator term contributor.
Relator code ctb
-- https://id.loc.gov/vocabulary/relators/ctb
700 1# - ADDED ENTRY--PERSONAL NAME
Personal name Beerkens, Eric,
Relator term contributor.
Relator code ctb
-- https://id.loc.gov/vocabulary/relators/ctb
700 1# - ADDED ENTRY--PERSONAL NAME
Personal name Canino, María Victoria,
Relator term contributor.
Relator code ctb
-- https://id.loc.gov/vocabulary/relators/ctb
700 1# - ADDED ENTRY--PERSONAL NAME
Personal name Conceição, Pedro,
Relator term contributor.
Relator code ctb
-- https://id.loc.gov/vocabulary/relators/ctb
700 1# - ADDED ENTRY--PERSONAL NAME
Personal name Danaher, Geoffrey,
Relator term contributor.
Relator code ctb
-- https://id.loc.gov/vocabulary/relators/ctb
700 1# - ADDED ENTRY--PERSONAL NAME
Personal name Danaher, Patrick A.,
Relator term contributor.
Relator code ctb
-- https://id.loc.gov/vocabulary/relators/ctb
700 1# - ADDED ENTRY--PERSONAL NAME
Personal name Duczmal, Wojciech,
Relator term contributor.
Relator code ctb
-- https://id.loc.gov/vocabulary/relators/ctb
700 1# - ADDED ENTRY--PERSONAL NAME
Personal name Enders, Jürgen,
Relator term contributor.
Relator code ctb
-- https://id.loc.gov/vocabulary/relators/ctb
700 1# - ADDED ENTRY--PERSONAL NAME
Personal name Enders, Jürgen,
Relator term editor.
Relator code edt
-- http://id.loc.gov/vocabulary/relators/edt
700 1# - ADDED ENTRY--PERSONAL NAME
Personal name Geiger, Roger L.,
Relator term contributor.
Relator code ctb
-- https://id.loc.gov/vocabulary/relators/ctb
700 1# - ADDED ENTRY--PERSONAL NAME
Personal name Goodman, Roger,
Relator term contributor.
Relator code ctb
-- https://id.loc.gov/vocabulary/relators/ctb
700 1# - ADDED ENTRY--PERSONAL NAME
Personal name Harreveld, Bobby,
Relator term contributor.
Relator code ctb
-- https://id.loc.gov/vocabulary/relators/ctb
700 1# - ADDED ENTRY--PERSONAL NAME
Personal name Heitor, Manuel V.,
Relator term contributor.
Relator code ctb
-- https://id.loc.gov/vocabulary/relators/ctb
700 1# - ADDED ENTRY--PERSONAL NAME
Personal name Horta, Hugo,
Relator term contributor.
Relator code ctb
-- https://id.loc.gov/vocabulary/relators/ctb
700 1# - ADDED ENTRY--PERSONAL NAME
Personal name Jongbloed, Ben,
Relator term contributor.
Relator code ctb
-- https://id.loc.gov/vocabulary/relators/ctb
700 1# - ADDED ENTRY--PERSONAL NAME
Personal name Jongbloed, Ben,
Relator term editor.
Relator code edt
-- http://id.loc.gov/vocabulary/relators/edt
700 1# - ADDED ENTRY--PERSONAL NAME
Personal name Kent, Rollin,
Relator term contributor.
Relator code ctb
-- https://id.loc.gov/vocabulary/relators/ctb
700 1# - ADDED ENTRY--PERSONAL NAME
Personal name King, Roger,
Relator term contributor.
Relator code ctb
-- https://id.loc.gov/vocabulary/relators/ctb
700 1# - ADDED ENTRY--PERSONAL NAME
Personal name Kyvik, Svein,
Relator term contributor.
Relator code ctb
-- https://id.loc.gov/vocabulary/relators/ctb
700 1# - ADDED ENTRY--PERSONAL NAME
Personal name Luberto, Gaetano,
Relator term contributor.
Relator code ctb
-- https://id.loc.gov/vocabulary/relators/ctb
700 1# - ADDED ENTRY--PERSONAL NAME
Personal name Magalhães, António,
Relator term contributor.
Relator code ctb
-- https://id.loc.gov/vocabulary/relators/ctb
700 1# - ADDED ENTRY--PERSONAL NAME
Personal name Marginson, Simon,
Relator term contributor.
Relator code ctb
-- https://id.loc.gov/vocabulary/relators/ctb
700 1# - ADDED ENTRY--PERSONAL NAME
Personal name Nokkala, Terhi,
Relator term contributor.
Relator code ctb
-- https://id.loc.gov/vocabulary/relators/ctb
700 1# - ADDED ENTRY--PERSONAL NAME
Personal name Orr, Dominic,
Relator term contributor.
Relator code ctb
-- https://id.loc.gov/vocabulary/relators/ctb
700 1# - ADDED ENTRY--PERSONAL NAME
Personal name Rostan, Michele,
Relator term contributor.
Relator code ctb
-- https://id.loc.gov/vocabulary/relators/ctb
700 1# - ADDED ENTRY--PERSONAL NAME
Personal name Sánchez-Rose, Isabelle,
Relator term contributor.
Relator code ctb
-- https://id.loc.gov/vocabulary/relators/ctb
700 1# - ADDED ENTRY--PERSONAL NAME
Personal name Toonen, Theo,
Relator term contributor.
Relator code ctb
-- https://id.loc.gov/vocabulary/relators/ctb
700 1# - ADDED ENTRY--PERSONAL NAME
Personal name Vaira, Massimiliano,
Relator term contributor.
Relator code ctb
-- https://id.loc.gov/vocabulary/relators/ctb
700 1# - ADDED ENTRY--PERSONAL NAME
Personal name Vessuri, Hebe,
Relator term contributor.
Relator code ctb
-- https://id.loc.gov/vocabulary/relators/ctb
700 1# - ADDED ENTRY--PERSONAL NAME
Personal name Yonezawa, Akiyoshi,
Relator term contributor.
Relator code ctb
-- https://id.loc.gov/vocabulary/relators/ctb
776 0# - ADDITIONAL PHYSICAL FORM ENTRY
Qualifying information print
International Standard Book Number 9783899427523
856 40 - ELECTRONIC LOCATION AND ACCESS
Uniform Resource Identifier <a href="https://doi.org/10.1515/9783839407523?locatt=mode:legacy">https://doi.org/10.1515/9783839407523?locatt=mode:legacy</a>
Public note Open Access
-- 0
856 40 - ELECTRONIC LOCATION AND ACCESS
Uniform Resource Identifier <a href="https://www.degruyter.com/isbn/9783839407523">https://www.degruyter.com/isbn/9783839407523</a>
Public note Open Access
-- 0
856 42 - ELECTRONIC LOCATION AND ACCESS
Materials specified Cover
Uniform Resource Identifier <a href="https://www.degruyter.com/document/cover/isbn/9783839407523/original">https://www.degruyter.com/document/cover/isbn/9783839407523/original</a>
942 ## - ADDED ENTRY ELEMENTS (KOHA)
Koha item type E-Book
Holdings
Withdrawn status Damaged status Not for loan Home library Current library Date acquired Total Checkouts Date last seen Price effective from Koha item type
      De Gruyter De Gruyter 12/29/2022   12/29/2022 12/29/2022 E-Book

University of Rizal System
Email us at univlibservices@urs.edu.ph

Visit our Website www.urs.edu.ph/library